=LDR 00000nam 2200000 4500 =001 INLIS000000000028582 =005 20130612130857 =008 ***********************************Ind** =035 ##$$0010-061300000028582 =041 ##$$a Ind =082 ##$$a 616 =090 ##$$a 616, Mar w =100 ##$$a Mardiyanto =245 ##$$a Who moves my matches, ragam permainan korek api untuk latihan pemecahan masalah, Aa Game =260 ##$$a 2007 $b bandung =300 ##$$a x, 111 hlm, ilus, 15 cm =650 ##$$a Geometri =850 ##$$a NBPNMAT